L'école des amans (Record no. 156396)
[ view plain ]
| 000 -LEADER | |
|---|---|
| campo de control de longitud fija | 00955nam a22002295i 4500 |
| 001 - NÚMERO DE CONTROL | |
| campo de control | 156396 |
| 003 - IDENTIFICADOR DE NÚMERO DE CONTROL | |
| campo de control | ES-MaACL |
| 005 - FECHA Y HORA DE LA ÚLTIMA TRANSACCIÓN | |
| campo de control | 20240612063031.0 |
| 008 - DATOS DE LONGITUD FIJA--INFORMACIÓN GENERAL | |
| campo de control de longitud fija | 040818s1786 fr |||| | fre d |
| 040 ## - FUENTE DE CATALOGACIÓN | |
| Centro catalogador/agencia de origen | CAM |
| Lengua de catalogación | spa |
| Centro/agencia transcriptor | CAM |
| 100 1# - ENTRADA PRINCIPAL--NOMBRE DE PERSONA | |
| Nombre de persona | Jolly, François-Antoine, |
| Fechas asociadas al nombre | 1662-1753 |
| 9 (RLIN) | 128334 |
| 245 12 - MENCIÓN DEL TÍTULO | |
| Título | L'école des amans |
| Resto del título | : comêdie en trois actes, en vers / |
| Mención de responsabilidad, etc. | par Joly. |
| 260 ## - PUBLICACIÓN, DISTRIBUCIÓN, ETC. | |
| Lugar de publicación, distribución, etc. | A Paris : |
| Nombre del editor, distribuidor, etc. | au Bureau de la Petite Bibliothèque des Théatres, |
| Fecha de publicación, distribución, etc. | 1786 ( |
| Fabricante | de l'imprimerie de la Veuve Valade) |
| 300 ## - DESCRIPCIÓN FÍSICA | |
| Extensión | [2], X, 63 p. ; |
| Dimensiones | 8º. |
| 490 1# - MENCIÓN DE SERIE | |
| Mención de serie | Petite Bibliothèque des Théâtres |
| 500 ## - NOTA GENERAL | |
| Nota general | Representée pour la premiere fois au Théatre François le 18 octobre 1718. |
| 596 ## - NOTA AL PIE DE IMPRENTA | |
| NOTA AL PIE DE IMPRENTA | Imp. consta en colofón. |
| 597 ## - NOTA DE DESCRIPCIÓN FÍSICA | |
| NOTA DE DESCRIPCIÓN FÍSICA | Sign.: a6, A-E6, F2. |
| 830 0# - PUNTO DE ACCESO ADICIONAL DE SERIE-TÍTULO UNIFORME | |
| Título uniforme | Petite Bibliothèque des Théâtres |
| 9 (RLIN) | 188082 |
| 852 ## - LOCALIZACIÓN | |
| Ubicación | ES-MaACL |
| Número de control de estantería | R-624(3) |
| Nota libre | -- Enc. hol. |
| condición física | -- Falto de la cub. original |
| Encuadernación | Olim: D-4012 |
| Estatus retirado | Estado de pérdida | Estado de daño | No para préstamo | Colección | Biblioteca de origen | Biblioteca actual | Ubicación en estantería | Fecha de adquisición | Fuente de adquisición | Total de préstamos | Signatura topográfica completa | Código de barras | Visto por última vez | Precio de reemplazo | Tipo de ítem Koha |
|---|---|---|---|---|---|---|---|---|---|---|---|---|---|---|---|
| Libros del s. XVIII | Biblioteca del Ateneo de Madrid | Biblioteca del Ateneo de Madrid | Depósito | 17/01/2008 | R-624(3) | 1163624 | 23/02/2023 | 23/02/2023 | Libro impreso antiguo |
